书目信息 |
| 题名: |
中国网络美术馆在线图录
|
|
| 作者: | 唐燕辉 主编 | |
| 分册: | ||
| 出版信息: | 成都 四川美术出版社 2010 |
|
| 页数: | 327页 | |
| 开本: | 21cm | |
| 丛书名: | ||
| 单 册: | ||
| 中图分类: | J052 , J121 | |
| 科图分类: | ||
| 主题词: | 艺术--作品综合集--中国--现代 , 艺术评论--中国--现代 , 艺术评论 | |
| 电子资源: | ||
| ISBN: | 978-7-5410-4424-3 | |
| 000 | 00896nam0 2200265 45 | |
| 001 | 1129237968 | |
| 005 | 20110420093100.97 | |
| 010 | @a978-7-5410-4424-3@dCNY68.00 | |
| 100 | @a20110414d2010 ekmy0chiy0110 ea | |
| 101 | 0 | @achi |
| 102 | @aCN@b510000 | |
| 105 | @aa z 000yy | |
| 106 | @ar | |
| 200 | 1 | @a中国网络美术馆在线图录@AZhong Guo Wang Luo Mei Shu Guan Zai Xian Tu Lu@f唐燕辉主编@FTang Yan Hui Zhu Bian |
| 210 | @a成都@c四川美术出版社@d2010 | |
| 215 | @a327页@d21cm | |
| 330 | @a本书以中国网络美术馆网站为平台,通过理性的艺术分析与研究,挖掘潜力艺术家,配以对艺术家作品和成就的分析,完成对当代艺术家的系统梳理和整合。 | |
| 606 | 0 | @a艺术@x作品综合集@y中国@z现代 |
| 606 | 0 | @a艺术评论@y中国@z现代 |
| 606 | 0 | @a艺术评论 |
| 690 | @aJ052@v4 | |
| 690 | @aJ121@v4 | |
| 701 | 0 | @a唐燕辉@ATang Yan Hui@4主编 |
| 801 | 0 | @aCN@bTANGWEI@c20110420 |
| 905 | @b0537515-19@dJ052@e254@f5 | |
| 中国网络美术馆在线图录/唐燕辉主编.-成都:四川美术出版社,2010 |
| 327页;21cm |
| ISBN 978-7-5410-4424-3:CNY68.00 |
| 本书以中国网络美术馆网站为平台,通过理性的艺术分析与研究,挖掘潜力艺术家,配以对艺术家作品和成就的分析,完成对当代艺术家的系统梳理和整合。 |
| ● |
| 相关链接 |
|
|
|
|
正题名:中国网络美术馆在线图录
索取号:J052/254
 
预约/预借
| 序号 | 登录号 | 条形码 | 馆藏地/架位号 | 状态 | 备注 |
| 1 | 0537515 | 205375155 | 第一样本阅览室/ [索取号:J052/254] | 在馆 | |
| 2 | 0537516 | 205375164 | 密集书库-美术系/ [索取号:J052/254] | 在馆 | |
| 3 | 0537517 | 205375173 | 第一借阅区/ [索取号:J052/254] | 在馆 | |
| 4 | 0537518 | 205375182 | 第一借阅区/ [索取号:J052/254] | 在馆 | |
| 5 | 0537519 | 205375191 | 第一借阅区/ [索取号:J052/254] | 在馆 |